Statistics for Visa-free access for Ecuador passport holders

Click here to take the quiz!

General Stats

  • This quiz has been taken 18 times
  • The average score is 44 of 81

Answer Stats

Countries% Correct
China
81%
Russia
81%
Argentina
75%
Bolivia
75%
Brazil
75%
Chile
75%
Colombia
75%
Nicaragua
75%
Panama
75%
Paraguay
75%
Peru
75%
South Korea
75%
Venezuela
75%
El Salvador
69%
Honduras
69%
Iran
69%
Uruguay
69%
Belize
63%
Dominica
63%
Dominican Republic
63%
Egypt
63%
Federated States of Micronesia
63%
Haiti
63%
Jamaica
63%
Mozambique
63%
Nepal
63%
South Africa
63%
Tuvalu
63%
Bahamas
56%
Belarus
56%
Guyana
56%
Indonesia
56%
Israel
56%
Jordan
56%
Palau
56%
Samoa
56%
Senegal
56%
Solomon Islands
56%
Suriname
56%
Comoros
50%
Georgia
50%
Kazakhstan
50%
Laos
50%
Malawi
50%
Oman
50%
Papua New Guinea
50%
Philippines
50%
Seychelles
50%
Trinidad and Tobago
50%
Turkey
50%
Armenia
44%
Benin
44%
Cambodia
44%
Gambia
44%
Kenya
44%
Madagascar
44%
Malaysia
44%
Maldives
44%
Mauritius
44%
Qatar
44%
Rwanda
44%
Saint Kitts and Nevis
44%
Saint Lucia
44%
Saint Vincent and the Grenadines
44%
Singapore
44%
Somalia
44%
Sri Lanka
44%
Tanzania
44%
Togo
44%
Zambia
44%
Zimbabwe
44%
Bangladesh
38%
Cape Verde
38%
East Timor
38%
Guinea-Bissau
38%
Bahrain
31%
Djibouti
31%
Mauritania
31%
Moldova
31%
Montenegro
31%
Uganda
31%

Score Distribution

Percentile by Number Answered

Percent of People with Each Score

Your Score History

You have not taken this quiz